Najlepsi Polacy w koncurencjach 3x3x3 - Statystyki

Ogólne statystyki
  • Ten quiz został rozwiązany 69 razy
  • Średni wynik to 10 z 20
Statystyki odpowiedzi
Ranking Zawodnik % Poprawnych
171 Tymon Kolasiński
94%
60 Karol Zakrzewski
86%
134 Łukasz Burliga
86%
108 Magdalena Pabisz
84%
138 Bartłomiej Owczarek
73%
153 Michał Rzewuski
73%
77 Michał Pleskowicz
62%
121 Michał Krasowski
56%
163 Przemysław Kaleta
54%
134 Jan Zych
49%
138 Gabriel Rejdych
44%
160 Szymon Malinowski
43%
206 Wojciech Szatanowski
37%
168 Wojciech Knott
30%
126 Kacper Rafalski
29%
192 Jakub Hamkało
27%
171 Mateusz Szulik
25%
190 Igor Ośmiałowski
24%
171 Adam Kędziorski
17%
135 Bartosz Karpiński
17%
Nie znaleziono quizów pasujących do podanych kryteriów
Rozkład punktacji
Procent ludzi z każdym wynikiem
Percentyl według liczby udzielonych odpowiedzi
Twoja historia wyników
Nie rozwiązałeś tego quizu